Statistiques concernant Personnalités de gauche

Cliquez ici pour prendre le quiz!

Statistiques générales

  • Ce quiz a été pris 65 fois
  • Le résultat moyen est 5 sur 16

Statistiques - réponses

Réponse% Correct
Yannick Noah
95%
Edwy Plenel
58%
Gilles Verdez
53%
Bernard Lavilliers
52%
Bertrand Cantat
44%
Louise Michel
42%
Cardi B
39%
Salvador Allende
29%
Annie Ernaux
27%
Corinne Masiero
26%
Sophie Binet
23%
Pierre Mendès France
15%
Cédric Herrou
11%
Aimé Césaire
10%
Gina Lollobrigida
6%
Alain Badiou
5%

Distribution des résultats

Percentile par nombre de réponses

% des personnes avec chaque résultat

Votre développement - résultats

Vous n’avez pas pris ce quiz